| 000 | 00402cam a2200169ua 4500 | ||
|---|---|---|---|
| 001 | 9443 | ||
| 008 | 120107n1998 II |||gr||||Z||||||eng | ||
| 040 | _aMAIN | ||
| 041 | _aEnglish | ||
| 082 | _a515.9 PAN | ||
| 100 | _aPANDEY, GOYAL GUPTA. | ||
| 245 | _aCOMPLEX VARIABLE AND INTEGRAL TRANSFORMS | ||
| 260 |
_aMEERUT _bPRAGATI PRAKASHAN _c1998 |
||
| 300 | _a298. | ||
| 653 | _aMathematics | ||
| 942 | _cBK | ||
| 999 |
_c9419 _d9419 |
||